|
|
|
|
| LEADER |
01572nam a2200265 u 4500 |
| 001 |
10031219 |
| 003 |
GR-PaULI |
| 005 |
20210117210104.0 |
| 008 |
991201s1997 gr gre |
| 952 |
|
|
|0 0
|1 0
|2 ddc
|4 0
|6 Π_ΜΣΧ_949_522000000000000_ΜΠΑ
|7 0
|9 200976
|a LISP
|b LISP
|c REF
|d 2016-04-24
|i 052701
|l 0
|o Π/ΜΣΧ 949.522 ΜΠΑ
|p 025000073221
|r 2016-04-24 00:00:00
|t 1
|v 2016.00
|w 2016-04-24
|y BKN
|
| 999 |
|
|
|c 123104
|d 123104
|
| 020 |
|
|
|a 9602063777
|
| 040 |
|
|
|a GR-PaULI
|c GR-PaULI
|d gre
|e AACR2
|
| 041 |
0 |
|
|a gre
|a eng
|
| 082 |
0 |
4 |
|a 949.522
|2 23
|
| 100 |
1 |
|
|a Μπάλτας, Χαράλαμπος Αθ.
|9 1686
|e συγγραφέας.
|
| 245 |
1 |
0 |
|a Πύλος, Ναβαρίνο-Νιόκαστρο, Ανάκτορο Νέστορος :
|b μνήμες και χρώματα /
|b
|c κείμενα, επιλογή στίχων, φιλολογική επιμέλεια Χαράλαμπος Μπάλτας ; φωτογραφίες Κώστας Δρήμτζιας μετάφραση Γιάννης Γκούμας καλλιτεχνική επιμέλεια Γιάννης Λεκκός.
|
| 260 |
|
|
|a Αθήνα :
|b Δημ. Ν. Παπαδήμας,
|c 1997.
|
| 300 |
|
|
|a 167 σ. :
|b εικ. ;
|c 30 εκ.
|
| 610 |
|
4 |
|9 179522
|a Ανάκτορο του Νέστορα (Πύλος)
|
| 651 |
|
4 |
|9 179523
|a Πύλος (Μεσσηνία)
|x Εικονογραφημένα έργα.
|
| 700 |
1 |
|
|a Δρήμτζιας, Κώστας
|4
|9 154473
|e φωτογράφος
|
| 700 |
1 |
|
|9 88845
|a Γκούμας, Γιάννης,
|d 1940-
|e μεταφραστής.
|
| 942 |
|
|
|2 ddc
|c BKN
|
| 998 |
|
|
|c ΜΠΟΥΡΑΣ
|d 2020-01
|